000 00766nam a2200217Ii 4500
003 JO-AjNU
008 230605s9999||||xx |||||||||||||| ||und||
017 _a95/7893
020 _a977-05-1387-3
040 _aJO-AjNU
_bara
_erda
_cJO-AjNU
041 _aara
050 1 4 _aLB1051.S52 1995
100 3 _aالشرقاوي، أنور محمد,
_eauthor
_938319
245 0 0 _aالأساليب المعرفية في بحوث علم النفس العربية وتطبيقاتها في التربية
264 3 1 _aالقاهرة:مكتبة الأنجلو المصرية،1995
300 _a121ص
336 _atext
_btxt
_2rdacontent
337 _aunmediated
_bn
_2rdamedia
338 _avolume
_bnc
_2rdacarrier
650 4 _a علم النفس التربوي
_938320
999 _aA16089
_c19657
_d19657